MANAGING INFORMATION IN COMPLEX ORGANIZATIONS: SEMIOTICS AND SIGNALS, COMPLEXITY AND CHAOS (Record no. 217043)

MARC details
000 -LEADER
fixed length control field 00696nam a22001817a 4500
008 - FIXED-LENGTH DATA ELEMENTS--GENERAL INFORMATION
fixed length control field 260422b |||||||| |||| 00| 0 eng d
020 ## - INTERNATIONAL STANDARD BOOK NUMBER
International Standard Book Number 978-0765613615
050 ## - LIBRARY OF CONGRESS CALL NUMBER
Classification number HD 30.3 .D 47 2005
100 ## - MAIN ENTRY--PERSONAL NAME
Personal name DESOUZA, KEVIN C
245 ## - TITLE STATEMENT
Title MANAGING INFORMATION IN COMPLEX ORGANIZATIONS: SEMIOTICS AND SIGNALS, COMPLEXITY AND CHAOS
260 ## - PUBLICATION, DISTRIBUTION, ETC.
Place of publication, distribution, etc. LONDON,
Name of publisher, distributor, etc. ROUTLEDGE TAYLOR & FRANCIS GROUP,
Date of publication, distribution, etc. 2005,
300 ## - PHYSICAL DESCRIPTION
Extent XiV, 248 P, ILL
500 ## - GENERAL NOTE
General note INCLUDES BIBLIOGRAPHICAL REFERENCES AND INDEX
650 ## - SUBJECT ADDED ENTRY
Topical term or geographic name entry element 1. Communication in organizations 2. Complex organizations 3. Information theory 4. Information resources management
700 ## - ADDED ENTRY--PERSONAL NAME
Personal name HENSGEN TOBIN
942 ## - ADDED ENTRY ELEMENTS (KOHA)
Source of classification or shelving scheme Library of Congress Classification
Koha item type Long Loan Book
Holdings
Withdrawn status Lost status Source of classification or shelving scheme Damaged status Not for loan Collection Home library Current library Shelving location Date acquired Inventory number Total checkouts Full call number Barcode Date last seen Copy number Price effective from Koha item type
    Library of Congress Classification     Business & Economics Kisii University Library Kisii University Library On Display 04/22/2026 113172   HD 30.3 .D 47 2025 A001692 04/22/2026 1 04/22/2026 Long Loan Book
    Library of Congress Classification     Business & Economics Kisii University Library Kisii University Library On Display 04/22/2026 113173   HD 30.3 .D 47 2025 A001691 04/22/2026 2 04/22/2026 Long Loan Book
    Library of Congress Classification     Business & Economics Kisii University Library Kisii University Library On Display 04/22/2026 113174   HD 30.3 .D 47 2025 A001690 04/22/2026 3 04/22/2026 Long Loan Book
    Library of Congress Classification     Business & Economics Kisii University Library Kisii University Library On Display 04/22/2026 113175   HD 30.3 .D 47 2025 A001689 04/22/2026 4 04/22/2026 Long Loan Book